00363nam a2200133 a 45000010010000000030011000100080041000210350026000620820015000881000022001032450040001252600053001656500011002180000-8533ELIB.Books110520 2006  a(ELIB.Books)0000-8678 aB.Th bHse aHser Nay Gay, Naw aThe Understanding of Christian Hymn bInsein: Karen Baptist Theolgical Seminary c2006 aThesis